| Tag |
First Indicator |
Second Indicator |
Subfields |
| LEADER |
00000cam a2200000 a 4500 |
| 001 |
in00000081421 |
| 005 |
20151008061056.0 |
| 008 |
820428s1981 ilua b 00010 eng |
| 010 |
|
|
|a 82106535
|
| 020 |
|
|
|c $5.00 (pbk.)
|
| 035 |
|
|
|a (OCoLC)07630894
|
| 035 |
|
|
|9 AAJ7244AM
|
| 039 |
0 |
|
|a 2
|b 3
|c 3
|d 3
|e 3
|
| 040 |
|
|
|a DLC
|c DLC
|d TXA
|d UtOrBLW
|
| 049 |
|
|
|a TXAM
|c [1481907]
|
| 050 |
0 |
0 |
|a BF723.C5
|b S55
|
| 082 |
0 |
|
|a 155.4/13
|2 19
|
| 090 |
|
|
|a LB1103
|b .S6 v. 46, no.2
|
| 100 |
1 |
|
|a Siegler, Robert S.
|
| 245 |
1 |
0 |
|a Developmental sequences within and between concepts /
|c Robert S. Siegler ; with commentary by Sidney Strauss and Iris Levin and reply by the author.
|
| 264 |
|
1 |
|a Chicago, Ill. :
|b Published by the University of Chicago Press for the Society for Research in Child Development :
|b Order from Child Development Publications, University of Chicago Press,
|c 1981.
|
| 300 |
|
|
|a 84 pages :
|b illustrations ;
|c 23 cm.
|
| 336 |
|
|
|a text
|b txt
|2 rdacontent
|
| 337 |
|
|
|a unmediated
|b n
|2 rdamedia
|
| 338 |
|
|
|a volume
|b nc
|2 rdacarrier
|
| 490 |
1 |
|
|a Monographs of the Society for Research in Child Development,
|x 0037-976X ;
|v vol. 46, no. 2
|
| 504 |
|
|
|a Includes bibliographies.
|
| 650 |
|
0 |
|a Cognition in children
|x Research.
|
| 830 |
|
0 |
|a Monographs of the Society for Research in Child Development ;
|v v. 46, no. 2.
|
| 999 |
|
|
|a MARS
|
| 999 |
f |
f |
|s a179dfe0-8e68-32f0-9601-c0f731827632
|i f866fb09-2a4d-3226-bfe4-142a66e1c65a
|t 0
|
| 952 |
f |
f |
|p normal
|a Texas A&M University
|b College Station
|c Sterling C. Evans Library
|d Evans: Library Stacks
|t 0
|e LB1103 .S6 v. 46, no.2
|h Library of Congress classification
|i unmediated -- volume
|m A14806160287
|
| 998 |
f |
f |
|a LB1103 .S6 v. 46, no.2
|t 0
|l Evans: Library Stacks
|